Thomas Haden Church Filmography - Statistics

General Stats
  • This quiz has been taken 32 times
    7 since last reset
  • The average score is 31 of 78
Answer Stats
Type Year Name % Correct
Film 2021 Spider-Man: No Way Home
100%
Film 2007 Spider-Man 3
83%
Video Game 2007 Spider-Man 3
83%
Film 2004 Sideways
67%
Film 2025 Wake Up Dead Man
67%
Film 2006 Charlotte's Web
50%
Film 2015 Daddy's Home
50%
Film 2010 easy A
50%
Film 1998 Free Money
50%
Film 1997 George of the Jungle
50%
Film 2003 George of the Jungle 2
50%
Film 2006 Idiocracy
50%
Film 2011 Killer Joe
50%
Film 2006 Over the Hedge
50%
TV Show 2012 Regular Show
50%
Film 2004 Spanglish
50%
TV Show 2004 Teen Titans
50%
Film 2019 The Peanut Butter Falcon
50%
Web Series 2025 Tires
50%
Film 1993 Tombstone
50%
Web Series 2023 Twisted Metal
50%
Film 2011 We Bought a Zoo
50%
TV Show 2010 Zombie Roadkill
50%
TV Show 1989 21 Jump Street
33%
Film 2001 3000 Miles to Graceland
33%
Film 2023 Accidental Texan
33%
Film 2022 Acidman
33%
Film 2009 Aliens in the Attic
33%
Film 2009 All About Steve
33%
Film 2011 Another Happy Day
33%
TV Show 1989 Booker
33%
TV Mini-Series 2006 Broken Trail
33%
Film 2016 Cardboard Boxer
33%
TV Show 1989 Cheers
33%
TV Show 1989 China Beach
33%
Film 2017 Crash Pad
33%
Film TBA Deception Road
33%
Film 1995 Demon Knight
33%
TV Show 2016-2019 Divorce
33%
Film 2009 Don McKay
33%
Web Series 2023 Fired on Mars
33%
TV Show 1992 Flying Blind
33%
TV Film 1993 Fugitive Nights: Danger in the Desert
33%
TV Show 2001 Gary & Mike
33%
TV Show 2001 Going to California
33%
Film 1999 Goosed
33%
Film 1990 Gypsy Angels
33%
Film 2014 Heaven Is for Real
33%
Film 2019 Hellboy
33%
Commercial 1995 Icehouse Beer
33%
Film 2009 Imagine That
33%
Film 2012 John Carter
33%
Film 2002 Lone Star State of Mind
33%
TV Show 2003 Lucky
33%
Film 2013 Lucky Them
33%
Film 2015 Max
33%
TV Show 2003 Miss Match
33%
Film 2001 Monkeybone
33%
TV Film 1998 Mr. Murder
33%
Documentary Series 2021 Nature
33%
TV Show 1995-1997, 2017 Ned and Stacey
33%
Film 1997 One Night Stand
33%
TV Show 1995 Partners
33%
TV Film 1989 Protect and Surf
33%
Film 2003 Rolling Kansas
33%
Film 1999 Serial Killing 4 Dummys
33%
Film 2008 Smart People
33%
Film 1998 Susan's Plan
33%
Film 2020 The 24th
33%
Film 2002 The Badge
33%
Film 2000 The Specials
33%
TV Show 2001 What a Cartoon!
33%
Film 2013 Whitewash
33%
TV Show 1990-1995 Wings
33%
Video Game 1990 Ys: Book 1&2
33%
Commercial 2003 Merrill Lynch
17%
Commercial 2009 Volkswagen
17%
Film TBA The Happy Worker
0%
No matching quizzes found
Score Distribution
Percent of People with Each Score
Percentile by Number Answered
Your Score History
You have not taken this quiz since the last reset